00408nam a2200157Ia 4500008004100000020001500041041001200056082001100068100001400079245007200093250000800165260004000173300000900213650001400222700001400236221030s9999 xx 000 0 und d a8131721018 aEnglish a105.23 aA. V. Aho 0aCompilers : Principles, Techniques & Toolscby A. V. Aho, M. S. Lam a2nd bPearson EducationaNew Delhic2011 a1009 aComputers aM. S. Lam